Habeas Corpus nos Tribunais Superiores Uma anl̀ise e proposta de reflexô /

Bibliographic Details
Main Author: Bottino, Thiago
Format: eBook
Language:Portuguese
Published: Rio de Janeiro: FGV - Direito Rio, 2016
Subjects:
Online Access:Acceso restringido

MARC

LEADER 00000nam a22000007a 4500
005 2017022101361.0
007 cr|||| ||||
008 170221s2016 br |||||s|||| 00||0 por d
020 |a 978-85-63265-71-5 
035 |a 14754 
040 |a vLex 
090 |c 6567  |d 6567 
100 1 |a Bottino, Thiago 
245 1 0 |a Habeas Corpus nos Tribunais Superiores  |h [Recurso electrn̤ico] :  |b Uma anl̀ise e proposta de reflexô /  |c Thiago Bottino 
256 |a Servicio en ln̕ea 
260 |a Rio de Janeiro:  |b FGV - Direito Rio,  |c 2016 
300 |a 1 recurso electrn̤ico 
506 1 |a Disponible solo en los productos indicados  |d vLex Global  |d vLex Global (Academic Edition, excluding Law Schools)  |d vLex Global (U.S. Academic Edition, Law Schools)  |d vLex Global (U.S. Academic Edition, excluding Law Schools)  |d vLex Global (Academic Edition, Law Schools) 
650 0 4 |a Derecho Constitucional  |z Brasil 
650 0 4 |a Procedimiento Penal  |z Brasil 
740 0 |a vLex Libros (Servicio en ln̕ea) 
856 4 0 |u http://vlex.com/source/habeas-corpus-tribunais-superiores-14754  |z Acceso restringido 
942 |c BOOK 
999 0 |a Constitutional Law 
999 0 |a Criminal Procedure